| 000 | 00491nam a2200181Ia 4500 | ||
|---|---|---|---|
| 005 | 20250508163646.0 | ||
| 008 | 008 250505s9999 xx 000 0 hin d | ||
| 037 | _aBooks to be hide in OPAC | ||
| 040 |
_aFEDL _beng _cFEDL |
||
| 041 |
_ahin _2hin |
||
| 084 |
_a157, RAM/O _qFEDL |
||
| 100 | _aRampal Singh | ||
| 245 | 0 | _aNendanik manovigyan | |
| 260 |
_aAgra, India _bVinod Pustak Mandir _c1993 |
||
| 300 | _a469p. | ||
| 942 |
_cHB _h157, RAM/O |
||
| 999 |
_c1384553 _d1384553 |
||